000
00305nam a22001337a 4500
008
170808b xxu||||| |||| 00| 0 eng d
020
_a
9780071485999
041
_a
eng
080
_a
004
100
_a
34
101
_a
SHK
245
_a
MICROSOFT OFFICE PROJECT SERVER 2007
_c
STEWART,R
942
_2
udc
_c
BK
999
_c
22870
_d
22870